|
|
|
|
| LEADER |
01042nam a2200277 a 4500 |
| 001 |
12856640 |
| 008 |
100104r20052002enk b 001 0 eng d |
| 010 |
|
|
|a 2002068176
|
| 020 |
|
|
|a 041528015X (hbk)
|
| 020 |
|
|
|a 0415280168 (pbk)
|
| 040 |
|
|
|a DLC
|c DLC
|d DLC
|d BD-DhAAL
|
| 082 |
0 |
0 |
|a 809.3/9113
|2 21
|
| 100 |
1 |
|
|a Hutcheon, Linda,
|d 1947-
|
| 245 |
1 |
4 |
|a The politics of postmodernism /
|c Linda Hutcheon.
|
| 250 |
|
|
|a 2nd ed.
|
| 260 |
|
|
|a London ;
|a New York ;
|a India :
|b Routledge,
|c 2002.[reprinted 2005]
|
| 300 |
|
|
|a x, 222 p. ;
|c 21 cm.
|
| 504 |
|
|
|a Includes bibliographical references (p. [185]-212) and index.
|
| 541 |
1 |
|
|e 00013953
|
| 650 |
|
0 |
|a Fiction
|y 20th century
|x History and criticism.
|
| 650 |
|
0 |
|a Postmodernism.
|
| 650 |
|
0 |
|a Literature and photography.
|
| 852 |
4 |
|
|a Ayesha Abed Library
|j General Shelf.
|
| 942 |
0 |
0 |
|0 1
|
| 999 |
|
|
|c 6701
|d 6701
|
| 952 |
|
|
|0 0
|1 0
|2 ddc
|4 0
|6 809_391130000000000_HUT_2005
|7 0
|9 6875
|a BRACUL
|b BRACUL
|c GEN
|d 2010-01-05
|l 12
|m 92
|o 809.39113 HUT
|p 3010013953
|q 2026-06-02
|r 2026-01-18
|s 2026-01-18
|t 1
|w 2010-01-05
|y BK
|